Online
Catalog

Programa de educación afectivo sexual, (PEAS) República Dominicana : (Record no. 48538)

MARC details
000 -CABECERA
campo de control de longitud fija 01107nam a2200205 a 4500
001 - NÚMERO DE CONTROL
campo de control 000049050
005 - FECHA Y HORA DE LA ÚLTIMA TRANSACCIÓN
campo de control 20250116162810.0
008 - DATOS DE LONGITUD FIJA--INFORMACIÓN GENERAL
campo de control de longitud fija 190716s2007 dr ac 000 0 spa d
040 ## - FUENTE DE LA CATALOGACIÓN
Centro catalogador/agencia de origen DO-SdBNP
Lengua de catalogación spa
Centro/agencia transcriptor BNPHU
082 ## - NÚMERO DE LA CLASIFICACIÓN DECIMAL DEWEY
Número de clasificación 371.76
Número de documento/Ítem H344p
100 1# - ENTRADA PRINCIPAL--NOMBRE DE PERSONA
Nombre de persona Hasbun, Julia
9 (RLIN) 35806
245 10 - MENCIÓN DE TÍTULO
Título Programa de educación afectivo sexual, (PEAS) República Dominicana :
Resto del título estudio de línea de base /
Mención de responsabilidad, etc. Estudio realizado por : Julia Hasbun.
260 ## - PUBLICACIÓN, DISTRIBUCIÓN, ETC.
Lugar de publicación, distribución, etc. Santo Domingo,República Dominicana :
Nombre del editor, distribuidor, etc. Ministerio de Educación ;
-- Fondo de las Naciones Unidas,
Fecha de publicación, distribución, etc. 2007.
300 ## - DESCRIPCIÓN FÍSICA
Extensión 80 p. :
Otras características físicas il., retrs. ;
Dimensiones 29 cm.
590 ## - NOTA LOCAL (RLIN)
Nota local Inventariado, 2019/VM
505 0# - NOTA DE CONTENIDO CON FORMATO
Nota de contenido con formato Resumen ejecutivo -- Antecedentes -- Metodología -- Diseño cuantitativo -- Instrumento de medida -- Análisis de resultados cuantitativos -- Diseño cualitativo -- Resultados cuantitativos -- Resultados cualitativos -- Conclusiones generales -- Recomendaciones.
650 #4 - PUNTO DE ACCESO ADICIONAL DE MATERIA--TÉRMINO DE MATERIA
Término de materia o nombre geográfico como elemento de entrada Educación sexual
Subdivisión geográfica República Dominicana
9 (RLIN) 52271
650 #4 - PUNTO DE ACCESO ADICIONAL DE MATERIA--TÉRMINO DE MATERIA
Término de materia o nombre geográfico como elemento de entrada Sexualidad
Subdivisión general Enseñanza
Subdivisión geográfica República Cominicana
9 (RLIN) 76448
710 1# - PUNTO DE ACCESO ADICIONAL--NOMBRE DE ENTIDAD CORPORATIVA
Nombre de entidad corporativa o nombre de jurisdicción como elemento de entrada República Dominicana
Unidad subordinada Ministerio de Educación
9 (RLIN) 72019
Holdings
Estado de retiro Estado de pérdida No para préstamo Código de colección Localización permanente Ubicación/localización actual Ubicación en estantería Fecha de adquisición Número de inventario Total de préstamos Signatura topográfica completa Código de barras Fecha visto por última vez Precio válido a partir de Tipo de ítem Koha
    Excluido de préstamo Patrimonio Dominicano Patrimonio Dominicano Patrimonio Dominicano Depósito 16.07.2019 LF1   371.76 H344p 49051-10 25.06.2020 25.06.2020 Libro y Folleto Colección Patrimonio Dominicano
      Patrimonio Dominicano Patrimonio Dominicano Patrimonio Dominicano Orden iniciada 16.07.2019 LF1   371.76 H344p 49052-10 25.06.2020 25.06.2020 Libro y Folleto Colección Patrimonio Dominicano
      Patrimonio Dominicano Patrimonio Dominicano Patrimonio Dominicano Orden iniciada 16.07.2019 LF1   371.76 H344p 49052-20 25.06.2020 25.06.2020 Libro y Folleto Colección Patrimonio Dominicano

Powered by Koha